00989cam a2200217 a 450000100100000000500170001000800410002704000370006808200170010510000530012224500520017526000930022730000210032049000320034150501380037365000510051183000400056291000340060295201200063699900150075600000715020200929154059.0760727s1960 cu 001 0 spa  aDO-SdBNPcMWelCdOCoLCdNbUdDLC a928.91bE18o1 aEcheverría, José Antonio,d1815-1885.91984710aObras escogidas /cJosé Antonio Echeverría. aLa Habana, (Cuba) :bDirección General de Cultura ;bMinisterio de Educación,c1960. a107 p. ;c23 cm.1 aLos Mejores autores cubanos0 aAntonelli -- El peregrino -- El aguinaldo -- Manuel Garay -- Las cenizas de Colón -- Historiadores de Cuba -- Morell de Santa Cruz. 4aEcheverría, josé antoniod1815-1855919848 0aLos Mejores autores cubanos.919849 aCatalogación por copia / LC 001052708MOaGRbGRcCTd2009-09-04iLF1l0o928.91 E18op7150-10r2020-06-25w2020-06-25y2ZPréstamo interno c6931d6931